=LDR 00000nam 2200000 4500 =001 INLIS000000000012961 =005 20130612104428 =008 ***********************************Ind** =035 ##$$0010-061300000012961 =041 ##$$a Ind =082 ##$$a 563.604 =090 ##$$a 563.604, Nur k =100 ##$$a Nurmayati, Dewi =245 ##$$a Kehidupan terumbu karang, Dewi Nurmayati =260 ##$$a 2003 $b Bandung =300 ##$$a 36 hlm, ilus, 28 cm =650 ##$$a Karang - terumbu =850 ##$$a NBPNMAT